000 00798nam a2200241 a 4500
005 20250620063850.0
008 170209s2011 mx r 000 0 spa d
020 _a9786071707130
035 _aUPN01000215877
049 _aCG
050 4 _aHF5548.8
_bA4.6
100 1 _aAguillón Ramírez, Alvaro Antonio Ascary
_940149
245 1 3 _aEl psicólogo en la cultura del trabajo :
_brol transformacional /
_cAlvaro A. Ascary Aguillón, Armando Peña Moreno.
260 _aMéxico :
_bTrillas :
_bUANL,
_c2011.
300 _a115 p. :
_bil.
650 4 _aPsicología industrial
_99354
650 2 _aPsicología del trabajo
_925688
650 2 _aCultura corporativa
_911646
700 1 _aPeña Moreno, José Armando,
_ecoaut.
_936979
905 _aLibro
999 _c187977
_d187977